| 000 | 00445nam a2200169Ia 4500 | ||
|---|---|---|---|
| 008 | 180921t2015 xxu||||| |||| 00| 0 sin d | ||
| 041 | _asin | ||
| 080 |
_a294.3 _bGAN |
||
| 100 | _aGnanananda Himi, Kiribathgoda | ||
| 245 | _aමෙන්න දුකේ රහස | ||
| 246 | _aMenna Duke Rahasa | ||
| 260 |
_bMahamegha _aPolgahawela _c2015 |
||
| 300 | _b106p, 22cm | ||
| 942 | _cBK | ||
| 999 |
_c1825 _d1825 |
||
| 003 | LK-CoDNM | ||
| 040 |
_aLK-CoDNM _dLK-CoDNM _eLK-CoDNM |
||